Háború és nemzetközi jog
Elmentve itt :
| Szerző: | |
|---|---|
| Dokumentumtípus: | Cikk |
| Megjelent: |
1943
|
| Sorozat: | Kolligátum
|
| Kulcsszavak: | Nemzetközi jog - háború |
| Online Access: | http://misc.bibl.u-szeged.hu/23225 |
| LEADER | 00528nab a2200169 i 4500 | ||
|---|---|---|---|
| 001 | misc23225 | ||
| 005 | 20191108150202.0 | ||
| 008 | 170823s1943 hu o 0|| zxx d | ||
| 040 | |a SZTE Miscellanea Repozitórium |b hun | ||
| 041 | |a zxx | ||
| 100 | 1 | |a Buza László | |
| 245 | 1 | 0 | |a Háború és nemzetközi jog |h [elektronikus dokumentum] / |c Buza László |
| 260 | |c 1943 | ||
| 300 | |a 1-10 | ||
| 490 | 0 | |a Kolligátum | |
| 695 | |a Nemzetközi jog - háború | ||
| 856 | 4 | 0 | |u http://misc.bibl.u-szeged.hu/23225/1/87520_001-010.pdf |z Dokumentum-elérés |